00220nam a2200085Ia 4500008004100000245004900041245002200090260000900112650001300121171211s9999 xx 000 0 und d 4aThe Sinking of the Bismarck: The Deadly Hunt cWilliam L. Shirer c2014 xMilitary